000
00280nam a2200109Ia 4500
008
230907s9999||||xx |||||||||||||| ||und||
082
_a
5.1
_b
TSU
100
_a
Tsui, Frank F.,
_9
94517
245
0
_a
Essentials of software engineering /
300
_a
xvii, 333 pages ;
942
_c
BK
999
_c
599998
_d
599998